The japanese economy
In The Japanese Economy, G. C. Allen draws on his more than sixty years of study and firsthand dialogues with Japanese economists, civill servants, and businessmen, to produce this outstanding look at what makes Japan's economy fick...
Bewaard in:
| Hoofdauteur: | |
|---|---|
| Formaat: | Boek |
| Taal: | Undetermined |
| Gepubliceerd in: |
New York
St. Martin's Press
1981
|
| Onderwerpen: | |
| Tags: |
Voeg label toe
Geen labels, Wees de eerste die dit record labelt!
|
| Thư viện lưu trữ: | Trung tâm Học liệu Trường Đại học Cần Thơ |
|---|
| LEADER | 00779nam a2200205Ia 4500 | ||
|---|---|---|---|
| 001 | CTU_223246 | ||
| 008 | 210402s9999 xx 000 0 und d | ||
| 082 | |a 330.952048 | ||
| 082 | |b A425 | ||
| 100 | |a Allen, George Cyril | ||
| 245 | 4 | |a The japanese economy | |
| 245 | 0 | |c George Cyril Allen | |
| 260 | |a New York | ||
| 260 | |b St. Martin's Press | ||
| 260 | |c 1981 | ||
| 520 | |a In The Japanese Economy, G. C. Allen draws on his more than sixty years of study and firsthand dialogues with Japanese economists, civill servants, and businessmen, to produce this outstanding look at what makes Japan's economy fick... | ||
| 650 | |a Japan,Nhật Bản | ||
| 650 | |x Economy,Kinh tế | ||
| 904 | |i Vũ Anh, Giang | ||
| 980 | |a Trung tâm Học liệu Trường Đại học Cần Thơ | ||